000 01053nam a2200253 a 4500
003 BD-DhJNU
005 20260402041100.0
008 260508s1998 bg |||g |||| 000 1|ben|d
020 _a8172935366
040 _aBD-DhJNU
_bben
_cBD-DhJNU
_dBD-DhJNU
041 _aben
082 _a891.442 BIN
_223
100 _aবিশী, প্রমথনাথ
245 1 0 _aনাটক সমগ্র /
_cপ্রমথনাথ বিশী
246 _aNatak samagra
250 _a1st ed.
260 _aকলিকাতা :
_bমিত্র ও ঘোষ পাবলিশার্স,
_c1998.
300 _a৮৩১ পৃ. :
_bচিত্র ;
_c২৩ সেমি.।
504 _aগ্রন্থপঞ্জিগত নির্দেশিকা ও নিঘন্ট অন্তভূক্ত
650 _aবাংলা নাটক — সমগ্র / সংগ্রহ
650 _aBengali Drama — Collections
700 a _aদত্ত, বিজিতকুমার
_eসম্পাদক
942 _cBK
999 _c2654
_d2654